Amtseid des US-Präsidenten - Statistiken

Allgemein
  • Dieses Quiz wurde 142 mal gespielt
  • Das Durchschnittsergebnis liegt bei 24 aus 39
Antwortstatistiken
Textquiz % Korrekt
I
100%
I
100%
the
81%
the
81%
the
81%
the
81%
the
81%
United
80%
United
80%
States
78%
States
78%
swear
78%
of
76%
of
76%
of
76%
of
76%
god
74%
will
73%
will
73%
so
69%
help
65%
and
63%
and
63%
me
63%
president
61%
do
56%
that
54%
protect
49%
to
49%
my
46%
defend
38%
best
36%
constitution
33%
office
32%
solemnly
32%
ability
26%
execute
26%
preserve
23%
faithfully
22%
Keine übereinstimmenden Quizze gefunden
Verteilung der Resultate
Anzahl Personen mit jedem Resultat
Perzentil nach korrekt beantworteten Fragen
Ihre Resultats-Entwicklung
Sie haben dieses Quiz noch nicht gespielt